书目信息 |
| 题名: |
人体与大脑
|
|
| 作者: | ;王洁 , 马晓明 译 ;美国《科学新闻》杂志社 编著 | |
| 分册: | ||
| 出版信息: | 北京 电子工业出版社 2018 |
|
| 页数: | xii, 278页 | |
| 开本: | 24cm | |
| 丛书名: | 科学新探索系列 | |
| 单 册: | ||
| 中图分类: | R32-49 , R338.2-49 | |
| 科图分类: | ||
| 主题词: | 人体--ren ti--普及读物 , 大脑--da nao--普及读物 | |
| 电子资源: | ||
| ISBN: | 978-7-121-33363-7 | |
| 000 | 01393cam 2200361 450 | |
| 001 | 012001002381 | |
| 005 | 20131110173206.0 | |
| 010 | @a978-7-121-33363-7@dCNY78.00 | |
| 092 | @aCN@b三新科技1201-0133 | |
| 099 | @aCAL 012018026040 | |
| 100 | @a20180320d2018 em y0chiy50 ea | |
| 101 | 1 | @achi@ceng |
| 102 | @aCN@b110000 | |
| 105 | @aa z 000yy | |
| 106 | @ar | |
| 200 | 1 | @a人体与大脑@Aren ti yu da nao@f(美) 《科学新闻》杂志社编著@d= Body & brain@fScience News@g王洁, 马晓明译@zeng |
| 210 | @a北京@c电子工业出版社@d2018 | |
| 215 | @axii, 278页@c图 (部分彩图)@d24cm | |
| 225 | 2 | @a科学新探索系列@Ake xue xin tan suo xi lie@v8 |
| 305 | @a据2016年英文版译出 | |
| 306 | @a本书由电子工业出版社独家出版发行。 | |
| 330 | @a本书介绍了人类科学家对人体与大脑众多未解之谜的不断探索, 让我们用新的视角来看待和认识日常生活中一些最基本的能力和问题。该书的文章均选自近几年《科学新闻》杂志中尤为精彩、受读者欢迎且值得阅读的文章。 | |
| 410 | 0 | @12001 @a科学新探索系列@v8 |
| 500 | 10 | @aBody & brain@mChinese |
| 606 | 0 | @a人体@Aren ti@j普及读物 |
| 606 | 0 | @a大脑@Ada nao@j普及读物 |
| 690 | @aR32-49@v5 | |
| 690 | @aR338.2-49@v5 | |
| 702 | 0 | @a王洁@Awang jie@4译 |
| 702 | 0 | @a马晓明@Ama xiao ming@4译 |
| 711 | 02 | @a美国《科学新闻》杂志社@Amei guo 《ke xue xin wen 》za zhi she@g(Science News)@4编著 |
| 801 | 0 | @aCN@b北京卓展@c20191020 |
| 905 | @b1205487-9@dR32-49@e335@f3 | |
| 人体与大脑/(美) 《科学新闻》杂志社编著= Body & brain/Science News/王洁, 马晓明译.-北京:电子工业出版社,2018 |
| xii, 278页:图 (部分彩图);24cm.-(科学新探索系列;8) |
| ISBN 978-7-121-33363-7:CNY78.00 |
| 本书介绍了人类科学家对人体与大脑众多未解之谜的不断探索, 让我们用新的视角来看待和认识日常生活中一些最基本的能力和问题。该书的文章均选自近几年《科学新闻》杂志中尤为精彩、受读者欢迎且值得阅读的文章。 |
| ● |
| 相关链接 |
|
|
|
|
正题名:人体与大脑
索取号:R32-49/335
 
预约/预借
| 序号 | 登录号 | 条形码 | 馆藏地/架位号 | 状态 | 备注 |
| 1 | 1205487 | 212054872 | 第二样本阅览室/ [索取号:R32-49/335] | 在馆 | |
| 2 | 1205488 | 212054881 | 第三借阅区/ [索取号:R32-49/335] | 在馆 | |
| 3 | 1205489 | 212054890 | 第三借阅区/ [索取号:R32-49/335] | 在馆 |